Statistics for 2016 XXL Freshman list

Click here to take the quiz!

General Stats

  • This quiz has been taken 33 times
  • The average score is 7 of 10

Answer Stats

HintAnswer% Correct
Savage Mode21 Savage
97%
PandaDesiigner
97%
The Pink TapeLil Uzi Vert
97%
Dying To LiveKodak Black
90%
Let Start HereLil Yachty
87%
Ta13ooDenzel Curry
81%
Dave(tv show)Lil Dicky
61%
An Evening with Silk SonicAnderson Paak
55%
PTSDG Herbo
52%
SurvivalDave East
26%

Score Distribution

Percentile by Number Answered

Percent of People with Each Score

Your Score History

You have not taken this quiz